Language Quiz

Random Language or Letter Quiz

Common Sayings: Missing 'G' Words Quiz Stats

 Plays Quiz Updated Oct 23, 2017

Support Sporcle.
Go Orange.
Score 0/30 Timer 04:00
2 Plays Today
% Correct
goose
95.3%
game
95%
give
94.7%
gold
94.2%
gain
94%
gift
93.8%
gum
93.7%
get
93.6%
glove
93.5%
go
93.4%
ground
93.2%
gunfight
93%
golden
92.5%
guns
92.5%
glitters
91.7%
% Correct
greener
91.6%
God
91.5%
gentle
91.4%
graces
91.4%
good
90.3%
gut
89.7%
girls
89.7%
grin
89.6%
grave
89.2%
green
88.3%
gray
85.1%
gas
84.6%
grasp
79.6%
gab
79.5%
grease
78.2%

You're not logged in!

Compare scores with friends on all Sporcle quizzes.
OR
Log In

From the Vault

Famous Rockumentaries

by rdkrauss

After watching a few of these, I have come to realize that some of the best music in the world was written while riding on a bus.
Remove Ads.
Support Sporcle.
Get the best of Sporcle when you Go Orange. This ad-free experience offers more features, more stats, and more fun while also helping to support Sporcle. Thank you for becoming a member.

Show Comments

Extras

Top Quizzes Today


Score Distribution

Your Account Isn't Verified!

In order to create a playlist on Sporcle, you need to verify the email address you used during registration. Go to your Sporcle Settings to finish the process.

Report this User

Report this user for behavior that violates our Community Guidelines.

Details: